عرض عادي عرض مارك
  • Wilson, Iain,

مدخل إسم شخص

عدد التسجيلات المستخدمة في: 1

001 - رقم الضبط

  • حقل الضبط: 21366

003 - معرف رقم الضبط

  • حقل الضبط: OSt

005 - تاريخ ووقت أخر عملية

  • حقل الضبط: 20130211011947.0

008 - عناصر بيانات ثابتة الطول

  • حقل تحكم ثابت الطول: 130211|||a|||||| | ||| d

040 ## - مصدر الفهرسة

  • هيئة الفهرسة الأصلية: OSt
  • وكالة الكتابة: OSt

100 ## - مدخل -- أسم شخص

  • إسم شخص: Wilson, Iain,
  • العنوان و الكلمات الأخري المرتبطة بالأسم: Dr.

670 ## - بيانات المصدر موجوده

  • الاستشهاد بالمصدر: Work cat.: (OSt)30002: McQuillan, Patrick M. 21362, Oxford American handbook of anesthesiology /, 2008.